|
|
|
|
| LEADER |
00000ny a22000003n 4500 |
| 005 |
20110523134837.0 |
| 008 |
080509s2005 sp s 000 0 spa c |
| 020 |
|
|
|a 8434016184
|
| 035 |
|
|
|a 1797
|
| 040 |
|
|
|a UMA.RE
|d vLex
|
| 080 |
|
|
|a 347.998.2(460)(0.034)
|
| 090 |
|
|
|c 165
|d 165
|
| 100 |
1 |
|
|a Gonzl̀ez Pillado, Esther
|
| 245 |
1 |
3 |
|a El Tribunal del Jurado
|h [Recurso electrn̤ico]
|c Esther Gonzl̀ez Pillado, Marco Villagm̤ez Cebriǹ
|
| 256 |
|
|
|a Servicio en ln̕ea
|
| 260 |
|
|
|a Madrid :
|b Boletn̕ Oficial del Estado,
|c 2005
|
| 506 |
1 |
|
|a Contenido solo disponible en los productos indicados
|d vLex Global
|d vLex Global (Academic Edition, excluding Law Schools)
|d vLex Global (U.S. Academic Edition, Law Schools)
|d vLex Global (U.S. Academic Edition, excluding Law Schools)
|d vLex Global (Academic Edition, Law Schools)
|
| 650 |
0 |
7 |
|a Tribunal del jurado
|2 Tesauro vLex
|
| 700 |
1 |
|
|a Villagm̤ez Cebriǹ, Marco
|
| 710 |
2 |
|
|a Boletn̕ Oficial del Estado (Espaą)
|
| 740 |
0 |
|
|a vLex Libros (Servicios en ln̕ea)
|
| 856 |
4 |
0 |
|u http://vlex.com/source/1797
|z Acceso restringido
|
| 942 |
|
|
|c BOOK
|
| 999 |
0 |
|
|a Courts
|b Madrid
|